Introduction to operations research / (Record no. 2239)

MARC details
000 -LEADER
fixed length control field 00628nam a2200205 ar4500
001 - CONTROL NUMBER
control field 2241
005 - DATE AND TIME OF LATEST TRANSACTION
control field 20221127090406.0
008 - FIXED-LENGTH DATA ELEMENTS--GENERAL INFORMATION
fixed length control field 101004s xxua 00110 eng d
020 ## - INTERNATIONAL STANDARD BOOK NUMBER
International Standard Book Number 9780071267670 :
Terms of availability SR221.00
082 04 - DEWEY DECIMAL CLASSIFICATION NUMBER
Classification number 658.4034
Item number H367 2010
100 1# - MAIN ENTRY--PERSONAL NAME
Personal name Hillier, Frederick S.
245 10 - TITLE STATEMENT
Title Introduction to operations research /
Statement of responsibility, etc. F. Hillier, G. Lieberman.
250 ## - EDITION STATEMENT
Edition statement 9th ed.
260 ## - PUBLICATION, DISTRIBUTION, ETC.
Place of publication, distribution, etc. Boston, Mass. :
Name of publisher, distributor, etc. McGraw-Hill.
Date of publication, distribution, etc. 2010.
300 ## - PHYSICAL DESCRIPTION
Extent xxiv, 1047 p. :
Other physical details ill. ;
Dimensions 26 cm.
500 ## - GENERAL NOTE
General note Includes index.
650 #4 - SUBJECT ADDED ENTRY--TOPICAL TERM
Topical term or geographic name entry element Operations research.
650 #4 - SUBJECT ADDED ENTRY--TOPICAL TERM
Topical term or geographic name entry element Management science.
700 0# - ADDED ENTRY--PERSONAL NAME
Personal name Lieberman, Gerald J.,
Relator term jt. auth.
Holdings
Withdrawn status Lost status Source of classification or shelving scheme Damaged status Not for loan Home library Current library Date acquired Total Checkouts Full call number Barcode Date last seen Copy number Price effective from Koha item type
              11/27/2022   658.4034 H367 2010 1000000011077 11/27/2022 C2 11/27/2022 Book
          CENTRAL CENTRAL 11/27/2022   658.4034 H367 2010 1000000003531 11/27/2022 C1 11/27/2022 Book